[Event "Montreal op U2000"]
[Site "Montreal"]
[Date "2011.09.10"]
[Round "2"]
[White "Duplessis, Jean Roch"]
[Black "Baril Boudreau, Felix"]
[Result "0-1"]
[WhiteElo "1730"]
[BlackElo "1525"]
[PlyCount "74"]
[EventDate "2011.09.09"]
[EventType "swiss"]
[EventRounds "5"]
[EventCountry "CAN"]
[SourceTitle "EXT 2022"]
[Source "ChessBase"]
[SourceDate "2021.10.06"]
[SourceVersion "1"]
[SourceVersionDate "2021.10.06"]
[SourceQuality "1"]

1. e4 d5 2. exd5 Nf6 3. Nc3 Nxd5 4. Qf3 Nxc3 5. dxc3 e5 6. Bc4 Qd7 7. Qg3 Nc6 8. Nf3 Qg4 9. Bb5 Bd6 10. 0-0 Qxg3 11. hxg3 0-0 12. Bxc6 bxc6 13. Re1 Re8 14. c4 c5 15. Nd2 f5 16. f3 e4 17. f4 g5 18. Nf1 Be6 19. b3 Rad8 20. Be3 gxf4 21. gxf4 Rd7 22. Rad1 Rg7 23. Bc1 Kf7 24. Ne3 Reg8 25. Bb2 Rg3 26. Be5 Bxe5 27. fxe5 f4 28. Nd5 Rxg2+ 29. Kh1 R2g4 30. Rd2 f3 31. Rh2 Bxd5 32. cxd5 e3 33. Rxh7+ Kg6 34. Rh2 f2 35. Rg2 Rh8+ 36. Rh2 Rxh2+ 37. Kxh2 e2 0-1

[Event "Gatineau Monarque blanc"]
[Site "Gatineau"]
[Date "2007.01.16"]
[Round "1"]
[White "Desjardins, Michel"]
[Black "Baril Boudreau, Felix"]
[Result "1-0"]
[WhiteElo "1907"]
[BlackElo "1417"]
[PlyCount "83"]
[EventDate "2007.01.16"]
[EventType "swiss"]
[EventRounds "7"]
[EventCountry "CAN"]
[SourceTitle "EXT 2022"]
[Source "ChessBase"]
[SourceDate "2021.10.06"]
[SourceVersion "1"]
[SourceVersionDate "2021.10.06"]
[SourceQuality "1"]

1. e4 Nf6 2. Nc3 d5 3. e5 Nfd7 4. d4 e6 5. Nf3 c5 6. Ne2 Nc6 7. c3 Qb6 8. a3 a5 9. Nf4 a4 10. Be2 Qa5 11. 0-0 b6 12. Bd2 c4 13. Nh5 Qb5 14. Rb1 f6 15. Nf4 Kf7 16. exf6 gxf6 17. Qe1 Ne7 18. Bd1 Qc6 19. Qe2 Bh6 20. Re1 Bxf4 21. Bxf4 Ng6 22. Bg3 Ra7 23. Bc2 Ndf8 24. Qe3 h5 25. Nh4 Kg7 26. Qf3 b5 27. Re3 Re7 28. Rbe1 Qe8 29. h3 Qf7 30. Kf1 Re8 31. Nf5+ exf5 32. Rxe8 Qd7 33. Bh2 h4 34. Rxc8 Qxc8 35. Qxd5 Qd7 36. Qxd7+ Nxd7 37. Bxf5 Nb6 38. Re6 Nd5 39. Rd6 Ndf4 40. Rb6 Re8 41. Bxg6 Nxg6 42. Rxb5 1-0

[Event "LEO-chB"]
[Site "Gatineau"]
[Date "2006.04.18"]
[Round "2"]
[White "Baril Boudreau, Felix"]
[Black "Levesque, Andre"]
[Result "1-0"]
[WhiteElo "1361"]
[BlackElo "1384"]
[PlyCount "91"]
[EventDate "2006.04.11"]
[EventType "swiss"]
[EventRounds "6"]
[EventCountry "CAN"]
[SourceTitle "EXT 2007"]
[Source "ChessBase"]
[SourceDate "2006.11.23"]
[SourceVersion "1"]
[SourceVersionDate "2006.11.23"]
[SourceQuality "1"]

1. d4 f5 2. Bg5 h6 3. Bh4 g5 4. e3 Nf6 5. Bg3 d6 6. Be2 Be6 7. c4 c6 8. Nc3 Nbd7 9. Qc2 Qc7 10. Bd3 Nb6 11. c5 Nbd5 12. Bxf5 Bxf5 13. Qxf5 Nxc3 14. cxd6 Qd7 15. Qg6+ Kd8 16. dxe7+ Qxe7 17. bxc3 Rg8 18. Qf5 Ne4 19. Ne2 Bg7 20. 0-0 Rf8 21. Qa5+ b6 22. Qa4 Nxg3 23. Nxg3 Rc8 24. Rfd1 Rc7 25. d5 cxd5 26. Rxd5+ Kc8 27. Ne4 Rd7 28. Rad1 Rxd5 29. Rxd5 Rd8 30. Qc6+ Kb8 31. Nd6 Bf6 32. a4 Qc7 33. Qxc7+ Kxc7 34. Nb5+ Kc6 35. Rxd8 Bxd8 36. Nxa7+ Kc5 37. Kf1 Kc4 38. Nb5 Bf6 39. Ke2 Bxc3 40. Nxc3 Kxc3 41. f4 Kb4 42. f5 Kxa4 43. f6 b5 44. f7 b4 45. f8Q b3 46. Kd2 1-0

[Event "Gatineau op"]
[Site "Gatineau"]
[Date "2004.03.05"]
[Round "3"]
[White "Pilon, Robert"]
[Black "Baril Boudreau, Felix"]
[Result "1-0"]
[WhiteElo "1503"]
[BlackElo "1247"]
[PlyCount "55"]
[EventDate "2004.02.??"]
[EventType "swiss"]
[EventRounds "5"]
[EventCountry "CAN"]
[SourceTitle "EXT 2005"]
[Source "ChessBase"]
[SourceDate "2004.11.15"]
[SourceVersion "1"]
[SourceVersionDate "2004.11.15"]
[SourceQuality "1"]

1. d4 d5 2. c4 Nc6 3. Nf3 dxc4 4. e3 Bf5 5. Bxc4 Nf6 6. Nc3 e6 7. a3 a6 8. 0-0 Bd6 9. Re1 Ne4 10. Bd3 Nxc3 11. bxc3 Bg4 12. h3 h5 13. e4 Bxf3 14. Qxf3 e5 15. Bc4 f6 16. Be3 Qd7 17. a4 0-0-0 18. Reb1 exd4 19. cxd4 Na5 20. Bd3 Nc6 21. e5 Qe7 22. Bf5+ Kb8 23. Qxc6 b6 24. e6 b5 25. Be4 Bh2+ 26. Kh1 Rd5 27. Bxd5 Kc8 28. Qa8# 1-0